[Event "San Francisco TNM Fall op"]
[Site "San Francisco"]
[Date "2017.10.24"]
[Round "1"]
[White "Davila, Carlos1111"]
[Black "Touset, Stephen"]
[Result "1-0"]
[WhiteElo "1666"]
[BlackElo "1566"]
[PlyCount "61"]
[EventDate "2017.10.24"]
[EventType "swiss"]
[EventRounds "9"]
[EventCountry "USA"]
[SourceTitle "EXT 2023"]
[Source "ChessBase"]
[SourceDate "2022.10.05"]
[SourceVersion "1"]
[SourceVersionDate "2022.10.05"]
[SourceQuality "1"]

1. e4 d6 2. d4 Nf6 3. Nc3 e5 4. dxe5 dxe5 5. Qxd8+ Kxd8 6. Bg5 Bd6 7. Nd5 Nbd7 8. 0-0-0 h6 9. Bxf6+ Nxf6 10. Nxf6 gxf6 11. Ne2 Be6 12. Nc3 Ke7 13. Be2 a6 14. g3 b5 15. a3 Rhb8 16. Nd5+ Bxd5 17. exd5 a5 18. Rhe1 a4 19. c3 Bc5 20. f4 Be3+ 21. Kc2 exf4 22. d6+ Kd7 23. Bg4+ Kd8 24. dxc7+ Kxc7 25. Rd7+ Kb6 26. Rd6+ Ka5 27. Rxf6 Rd8 28. gxf4 Rd2+ 29. Kb1 Bf2 30. Re5 Rg8 31. Be2 1-0

[Event "San Francisco TNM Summer op"]
[Site "San Francisco"]
[Date "2017.05.23"]
[Round "1"]
[White "Touset, Stephen"]
[Black "Ismakov, Arthur"]
[Result "0-1"]
[WhiteElo "1513"]
[BlackElo "2111"]
[PlyCount "40"]
[EventDate "2017.05.23"]
[EventType "swiss"]
[EventRounds "8"]
[EventCountry "USA"]
[SourceTitle "EXT 2023"]
[Source "ChessBase"]
[SourceDate "2022.10.05"]
[SourceVersion "1"]
[SourceVersionDate "2022.10.05"]
[SourceQuality "1"]

1. d4 g6 2. Bf4 Bg7 3. e3 c5 4. c3 cxd4 5. exd4 Nf6 6. Nd2 0-0 7. Bd3 d5 8. Ngf3 Nc6 9. Ne5 Nh5 10. Nxc6 bxc6 11. Bg5 h6 12. Bh4 Nf4 13. Qf3 Nxd3+ 14. Qxd3 a5 15. Nb3 Qb6 16. 0-0 Ba6 17. Qc2 Bxf1 18. Rxf1 e5 19. Nc5 Qa7 20. dxe5 Qxc5 0-1